000 01176nam a22002777a 4500
001 8826
003 FISKH
005 20251211114106.0
008 251022b cb ||||| |||| 00| 0 eng d
020 _a9789995000943
040 _aFISKH
_bkhr
_cFISKH
_dFISKH
050 _aPZ7
082 _a895
100 _aSakal, Ngoun
245 _aកំរងរឿងនិទានអប់រំ​៤ /
_cអ្នកនិពន្ធ អ្នកស្រី ងួន សាកល , អ្នករៀបរៀង លោក អ៊ុំ បុប្ផា និង លោក សេង​ តុងបុត្តា​
260 _aភ្នំពេញ :
_bគ្រឺះស្ថានបោះពុម្ពនិងចែកផ្សាយ ,
_c2009.
300 _a16 pages :
_bcolor illustrations ;
_c18*18 cm .
505 _aP
520 _a-រឿង កូនឆ្កែ -រឿងទំនិញរួមគ្នា
521 8 _a650
_bLexile estimate
521 8 _aP
_bRaz-Plus
650 _aកំរងរឿងនិទានអប់រំ​៤
700 _aVan Then , Houy
_eIllustrator
942 _2ddc
_cKHB
_n0
999 _c8826
_d8826